Central Library OPAC University of Rajshahi

গ্রীক দর্শন : (Record no. 37709)

MARC details
000 -LEADER
fixed length control field 00826nam a22002177a 4500
001 - CONTROL NUMBER
control field 37709
003 - CONTROL NUMBER IDENTIFIER
rucl marc code BD-RjUL
005 - DATE AND TIME OF LATEST TRANSACTION
control field 20211209052634.0
008 - FIXED-LENGTH DATA ELEMENTS--GENERAL INFORMATION
fixed length control field 150302s1975 bg ||||| |||| 00| 0 ben d
035 ## - SYSTEM CONTROL NUMBER
System control number (BD-RjUL) 37813
040 ## - CATALOGING SOURCE
Original cataloging agency BD-RjUL
Language of cataloging eng
Transcribing agency BD-RjUL
041 ## - LANGUAGE CODE
Language code of text/sound track or separate title ben
082 ## - DEWEY DECIMAL CLASSIFICATION NUMBER
Classification number 180
Author mark and year HAG 1975
100 1# - MAIN ENTRY--PERSONAL NAME
Personal name হালিম, মোহাম্মদ আবদুল
9 (RLIN) 116209
245 10 - TITLE STATEMENT
Title গ্রীক দর্শন :
Remainder of title প্রজ্ঞা ও প্রসার /
Statement of responsibility, etc. মোহাম্মদ আবদুল হালিম
260 ## - PUBLICATION, DISTRIBUTION, ETC. (IMPRINT)
Place of publication, distribution, etc. ঢাকা :
Name of publisher, distributor, etc. বাংলা একাডেমী,
Date of publication, distribution, etc. ১৯৭৫
300 ## - PHYSICAL DESCRIPTION
Pagination [চার], ২১৬ পৃ. ;
Size ২১ সে.মি.
650 ## - SUBJECT ADDED ENTRY--TOPICAL TERM
Topical term or geographic name as entry element Philosophy, Ancient.
9 (RLIN) 116210
Topical term or geographic name as entry element দর্শন- প্রাচীন
9 (RLIN) 116213
942 ## - ADDED ENTRY ELEMENTS (KOHA)
Source of classification or shelving scheme Dewey Decimal Classification
Koha item type Books
Holdings
Lost status Source of classification or shelving scheme Damaged status Not for loan Permanent Location Current Location Shelving location Date acquired Total Checkouts Full call number Date last seen Date checked out Copy number Koha item type
  Dewey Decimal Classification     Central Library, University of Rajshahi Central Library, University of Rajshahi   02/03/2015 1 B 180 HAG 1975 06/07/2015 03/03/2015 C-5 Books